Transport and economic development report of the hundred and nineteenth round table on transport economics

Enregistré dans:
Détails bibliographiques
Collectivité auteur: European Conference of Ministers of Transport. Economic Research Centre
Format: Livre
Langue:anglais
Publié: Paris OECD 2002
Collection:Round table 119
Sujets:
Tags: Ajouter un tag
Pas de tags, Soyez le premier à ajouter un tag!

MARC

LEADER 00000nam a2200000 4500
001 c141790
005 20221124093130.7
020 |a 92-821-1298-5 
041 0 |a eng 
044 |a FR 
245 1 0 |a Transport and economic development  |b report of the hundred and nineteenth round table on transport economics 
264 1 |a Paris  |b OECD  |c 2002 
300 |a 199 s. 
490 1 |a Round table  |v 119 
830 0 |a Round table  |v 119 
610 2 0 |a vývoj hospodársky 
610 2 0 |a politika dopravná 
610 2 0 |a rast hospodársky 
610 2 0 |a trh práce 
610 2 0 |a preprava 
610 2 0 |a tovar 
610 2 0 |a investície 
610 2 0 |a ukazovatele ekonomické 
610 2 0 |a svet 
710 2 |a European Conference of Ministers of Transport. Economic Research Centre